000
00297nam a22001337a 4500
008
171228b xxu||||| |||| 00| 0 eng d
020
_a
710517719
041
_a
eng
080
_a
330.101
100
_a
52
101
_a
MAK
245
_a
Managing Macroeconomic Policy
_c
Anderson
942
_2
udc
_c
BK
999
_c
39523
_d
39523